Premier League teams 2022/2023 - Statistics

General Stats
  • This quiz has been taken 58 times
  • The average score is 18 of 20
Answer Stats
Position Points Team % Correct
2 84 Arsenal
100%
5 67 Liverpool
100%
1 89 Manchester City
100%
3 75 Manchester United
100%
8 60 Tottenham
100%
14 40 West Ham United
100%
12 44 Chelsea
98%
13 41 Wolverhampton Wolves
95%
20 25 Southampton
93%
17 36 Everton
90%
19 31 Leeds United
90%
6 62 Brighton
88%
18 34 Leicester City
88%
4 71 Newcastle United
88%
11 45 Crystal Palace
83%
7 61 Aston Villa
80%
15 39 Bournemouth
78%
10 52 Fulham
78%
9 59 Brentford
76%
16 38 Nottingham Forest
76%
No matching quizzes found
Score Distribution
Percent of People with Each Score
Percentile by Number Answered
Your Score History
You have not taken this quiz